Teenage Dream - Katy Perry (All Lyrics) - Statistics

General Stats
  • This quiz has been taken 147 times
  • The average score is 326 of 381
Answer Stats
Answer % Correct
a
99%
dream
99%
I
99%
me
99%
on
99%
teenage
99%
You
99%
you
99%
I'm
98%
the
98%
The
98%
make
97%
and
95%
be
95%
Be
95%
like
95%
my
95%
My
95%
to
95%
way
95%
can
94%
feel
94%
turn
94%
can't
93%
just
93%
No
93%
when
93%
tonight
92%
(tonight
92%
tonight)
92%
We
92%
we
92%
ever
91%
livin'
91%
look
91%
don't
90%
back
89%
let
89%
Let
89%
Let's
88%
love
87%
heart
86%
think
86%
your
86%
at
85%
go
85%
pretty
85%
sleep
85%
any
84%
without
84%
forever
83%
is
83%
makeup
83%
this
83%
touch
83%
away
82%
young
82%
dance
81%
funny
81%
now
81%
Now
81%
one
81%
all
80%
baby
80%
die
80%
in
80%
real
80%
regrets
80%
so
80%
So
80%
stops
80%
until
80%
will
80%
jeans
79%
get
78%
run
78%
believe
76%
wrong
74%
down
73%
Valentine
73%
You'll
72%
know
71%
punchline
71%
tell
70%
every
68%
February
68%
skin-tight
68%
take
67%
hands
66%
come
65%
put
65%
were
64%
chance
63%
walls
63%
was
63%
racing
60%
Before
59%
met
58%
got
57%
Got
57%
but
56%
of
56%
things
56%
heavy
55%
kinda
53%
life
51%
out
51%
complete
50%
beach
49%
piece
49%
brought
47%
motel
47%
puzzle
47%
Cali
46%
drove
45%
missing
45%
finally
43%
Imma
43%
built
42%
sheets
42%
alright
41%
found
41%
drunk
38%
(oh)
38%
fort
37%
No matching quizzes found
Score Distribution
Percent of People with Each Score
Percentile by Number Answered
Your Score History
You have not taken this quiz